Подробности
| 000 -МАРКЕР |
| контрольное поле |
02609nam0a2200313 4500 |
| 001 - ИДЕНТИФИКАТОР ЗАПИСИ |
| контрольное поле |
RU\NLR\bibl\1140292 |
| 005 - ИДЕНТИФИКАТОР ВЕРСИИ |
| контрольное поле |
20260407165744.0 |
| 021 ## - НОМЕР ГОСУДАРСТВЕННОЙ РЕГИСТРАЦИИ |
| Код страны |
российская федерация |
| Номер |
2007-60540 |
| Номер Листа государственной регистраци |
3233 |
| 035 ## - ДРУГИЕ СИСТЕМНЫЕ НОМЕРА |
| Идентификатор записи |
(NLR Aleph) 001127156 |
| 100 ## - ДАННЫЕ ОБЩЕЙ ОБРАБОТКИ |
| Данные общей обработки |
20071015d2007 |||y0rusy50 ca |
| 101 0# - ЯЗЫК РЕСУРСА |
| Язык текста, звукозаписи и т.д. |
русский |
| 102 ## - СТРАНА ПУБЛИКАЦИИ ИЛИ ПРОИЗВОДСТВА |
| Страна публикации |
российская федерация |
| 105 ## - ПОЛЕ КОДИРОВАННЫХ ДАННЫХ: ТЕКСТОВЫЕ МАТЕРИАЛЫ, МОНОГРАФИЧЕСКИЕ |
| Кодированные данные о монографическом текстовом документе |
a ||||||||| |
| 200 1# - ЗАГЛАВИЕ И СВЕДЕНИЯ ОБ ОТВЕТСТВЕННОСТИ |
| Основное заглавие |
Сборник трудов XI Пленума Учебно-методического объединения вузов Российской Федерации по образованию в области информационной безопасности и Межрегионального совещания "Стратегия и структура подготовки кадров для обеспечения информационной безопасности - требования работодателей к уровню подготовки специалистов", 12-17 июня 2007 г. |
| 210 ## - ПУБЛИКАЦИЯ, РАСПРОСТРАНЕНИЕ И ДР. |
| Место издания, распространения и т.д. |
Самара |
| Имя издателя, распространителя и т. д. |
Универс групп |
| Дата издания, распространения и т.д. |
2007 |
| 215 ## - ФИЗИЧЕСКАЯ ХАРАКТЕРИСТИКА |
| Специфическое обозначение материала и объем |
171 с. |
| Другие сведения о физической характеристике |
ил. |
| Размеры |
21 |
| 320 ## - ПРИМЕЧАНИЯ О НАЛИЧИИ В ДОКУМЕНТЕ БИБЛИОГРАФИИ / УКАЗАТЕЛЯ |
| Текст примечания |
Библиогр. в конце отд. тр. |
| 320 ## - ПРИМЕЧАНИЯ О НАЛИЧИИ В ДОКУМЕНТЕ БИБЛИОГРАФИИ / УКАЗАТЕЛЯ |
| Текст примечания |
В надзаг.: М-во образования и науки Рос. Федерации, Учеб.-метод. об-ние вузов по образованию в обл. информ. безопасности, Ин-т криптографии, связи и информатики Акад. ФСБ России, Учеб.-метод. центр по защите информ. Приволж. федер. окр. [и др.] |
| 606 1# - НАИМЕНОВАНИЕ ТЕМЫ КАК ПРЕДМЕТ |
| Наименование темы |
Образование в области информационной безопасности |
| Географический подзаголовок |
Российская Федерация |
| Системный номер авторитетной/нормативной записи |
2494641 |
| Идентификатор авторитетной/нормативной записи |
RU\NLR\AUTH\661479953 |
| 686 ## - ИНДЕКСЫ ДРУГИХ КЛАССИФИКАЦИЙ |
| Индекс |
Ч488.752.4(2Р) |
| 710 02 - НАИМЕНОВАНИЕ ОРГАНИЗАЦИИ - ПЕРВИЧНАЯ ОТВЕТСТВЕННОСТЬ |
| Начальный элемент ввода |
Учебно-методическое объединение вузов России по образованию в области информационной безопасности |
| Идентифицирующий признак |
Москва |
| Структурное подразделение |
Пленум |
| Порядковый номер временной организации и / или порядковый номер ее части |
11 |
| Дата проведения временной организации |
2007 |
| Место проведения временной организации |
Самара |
| Идентификатор авторитетной/нормативной записи |
RU\NLR\AUTH\8810105445 |
| Системный номер авторитетной/нормативной записи |
711220 |
| 711 12 - НАИМЕНОВАНИЕ ОРГАНИЗАЦИИ - АЛЬТЕРНАТИВНАЯ ОТВЕТСТВЕННОСТЬ |
| Начальный элемент ввода |
"Стратегия и структура подготовки кадров для обеспечения информационной безопасности - требования рабртодателей к уровню подготовки специалистов", межрегиональное совещание |
| Дата проведения временной организации |
2007 |
| Место проведения временной организации |
Самара |
| Идентификатор авторитетной/нормативной записи |
RU\NLR\AUTH\8810105446 |
| Системный номер авторитетной/нормативной записи |
711222 |
| 801 #0 - ИСТОЧНИК ЗАПИСИ |
| Страна |
российская федерация |
| Организация |
NLR |
| Дата составления |
20071015 |
| Правила каталогизации |
RCR |
| 801 #1 - ИСТОЧНИК ЗАПИСИ |
| Страна |
российская федерация |
| Организация |
NLR |
| Дата составления |
20071015 |
| 942 ## - ДОПОЛНИТЕЛЬНЫЕ ЭЛЕМЕНТЫ ЗАПИСИ (АБИС) |
| Тип экземпляра АБИС |
Книга |
| 980 ## - КОЛЛЕКЦИЯ |
| Название коллекции |
Национальная библиография |